Noticia de una colección de papeles de José Massanés y Mestres (1777-1857) y Josefa Massanés y González (1811-1887) existentes en la sección de manuscritos / por Felío A. Vilarrubias
Descripción Física:
97 p. : il. ; 24 cm
MARC
| LEADER | 00000nam a2200000Ia 4500 | ||
|---|---|---|---|
| 001 | 8010 | ||
| 008 | 160829s1966 xx 000 0 cat d | ||
| 080 | |a A-2-62 | ||
| 100 | 1 | |a Vilarrubias Solanes, Felio A. |9 50554 | |
| 245 | |a Noticia de una colección de papeles de José Massanés y Mestres (1777-1857) y Josefa Massanés y González (1811-1887) existentes en la sección de manuscritos / por Felío A. Vilarrubias | ||
| 260 | |a Barcelona : |b Diputació. Biblioteca Central, |c 1966 | ||
| 300 | |a 97 p. : |b il. ; |c 24 cm | ||
| 650 | |a Massanés i Mestres, Josep |x Epistolaris |9 37093 | ||
| 650 | |a Massanés, Maria Josepa |x Epistolaris |9 37094 | ||
| 650 | |a Biblioteca de Catalunya. Secció de manuscrits |9 37095 | ||
| 710 | 1 | |a Biblioteca de Catalunya |9 52741 | |
| 901 | |a Arxiu | ||
| 942 | |n 1 | ||
| 952 | |0 0 |1 0 |4 0 |6 A262 |7 1 |9 47651 |a Arxiu |b Arxiu |d 2016-12-01 |l 0 |o A-2-62 |p 8010 |r 2016-12-01 00:00:00 |w 2016-12-01 |y ARXIU | ||
| 999 | |c 51450 |d 51450 | ||